[Event "Sant Andreu Seniors"]
[Site "Barcelona"]
[Date "2019.11.09"]
[Round "7"]
[White "Garcia Castillo, Josep A"]
[Black "Montell Zabay, Albert"]
[Result "1/2-1/2"]
[WhiteElo "1929"]
[BlackElo "1926"]
[PlyCount "30"]
[EventDate "2019.09.14"]
[EventType "tourn"]
[EventRounds "9"]
[EventCountry "ESP"]
[SourceTitle "CBM 195 Extra"]
[Source "ChessBase"]
[SourceDate "2020.05.31"]
[SourceVersion "1"]
[SourceVersionDate "2020.05.31"]
[SourceQuality "1"]

1. b3 e5 2. Bb2 Nc6 3. e3 d5 4. Bb5 f6 5. d4 exd4 6. Bxd4 Nge7 7. Bb2 a6 8. Be2 Nf5 9. Nf3 Bb4+ 10. c3 Bc5 11. Nd4 Ncxd4 12. exd4 Bd6 13. Ba3 0-0 14. Bxd6 Nxd6 15. 0-0 c6 1/2-1/2

[Event "Sant Andreu Seniors"]
[Site "Barcelona"]
[Date "2019.10.12"]
[Round "4"]
[White "Montell Zabay, Albert"]
[Black "Brusi Noguera, Ricardo Ll"]
[Result "0-1"]
[WhiteElo "1926"]
[BlackElo "2138"]
[PlyCount "44"]
[EventDate "2019.09.14"]
[EventType "tourn"]
[EventRounds "9"]
[EventCountry "ESP"]
[SourceTitle "CBM 195 Extra"]
[Source "ChessBase"]
[SourceDate "2020.05.31"]
[SourceVersion "1"]
[SourceVersionDate "2020.05.31"]
[SourceQuality "1"]

1. e4 c5 2. d4 cxd4 3. c3 Nf6 4. e5 Nd5 5. Bc4 Nb6 6. Bb3 d5 7. cxd4 Nc6 8. Nc3 Bf5 9. g4 Bg6 10. h4 h5 11. g5 e6 12. Nge2 Bb4 13. Nf4 Nc8 14. Nxg6 fxg6 15. Be3 N8e7 16. Qf3 Nf5 17. 0-0-0 Bxc3 18. bxc3 b5 19. Rd2 0-0 20. Qg2 Rc8 21. Kd1 a5 22. Ke2 Nce7 0-1

[Event "Barcelona Seniors 55 op 6th"]
[Site "Barcelona"]
[Date "2019.03.25"]
[Round "4.2"]
[White "Montell Zabay, Albert"]
[Black "Soto Balastegui, Victor"]
[Result "1/2-1/2"]
[WhiteElo "1907"]
[BlackElo "1731"]
[PlyCount "26"]
[EventDate "2019.03.04"]
[EventType "swiss"]
[EventRounds "9"]
[EventCountry "ESP"]
[SourceTitle "EXT 2024"]
[Source "ChessBase"]
[SourceDate "2023.10.10"]
[SourceVersion "1"]
[SourceVersionDate "2023.10.10"]
[SourceQuality "1"]

1. e4 d6 2. Bc4 Nf6 3. d3 g6 4. Ne2 Bg7 5. f4 c6 6. a4 0-0 7. Nbc3 e6 8. Ng3 d5 9. Bb3 h5 10. Qf3 Ng4 11. h3 Nh6 12. 0-0 Bd4+ 13. Kh1 Bg7 1/2-1/2

[Event "Barcelona Vila de Gracia Seniors 55+ op"]
[Site "Barcelona"]
[Date "2018.05.07"]
[Round "8"]
[White "Montell Zabay, Albert"]
[Black "Brusi Noguera, Ricardo Ll"]
[Result "0-1"]
[WhiteElo "1969"]
[BlackElo "2145"]
[PlyCount "75"]
[EventDate "2018.03.05"]
[EventType "swiss"]
[EventRounds "9"]
[EventCountry "ESP"]
[SourceTitle "EXT 2019"]
[Source "ChessBase"]
[SourceDate "2018.10.10"]
[SourceVersion "1"]
[SourceVersionDate "2018.10.10"]
[SourceQuality "1"]

1. e4 c5 2. Nf3 e6 3. d4 cxd4 4. Nxd4 a6 5. Nc3 b5 6. Bd3 Qb6 7. Nb3 Qc7 8. f4 Bb7 9. 0-0 d6 10. f5 e5 11. Qf3 Nf6 12. Bg5 Nbd7 13. a3 Be7 14. Kh1 Rd8 15. Rad1 h5 16. h4 Ng4 17. Nc1 Qc5 18. N1e2 Bxg5 19. hxg5 Ne3 20. b4 Qb6 21. Ng3 Nxf1 22. Rxf1 Rc8 23. Nd5 Bxd5 24. exd5 Qd4 25. Ne4 Qxd5 26. Rd1 Qc6 27. c4 Kf8 28. Bf1 bxc4 29. Rxd6 Qc7 30. Qd1 Ke7 31. f6+ gxf6 32. gxf6+ Ke8 33. Nc3 Nb6 34. a4 Rd8 35. Ne4 Nc8 36. Rxd8+ Qxd8 37. Qxd8+ Kxd8 38. Bxc4 0-1

[Event "Barcelona Vila de Gracia Seniors 55+ op"]
[Site "Barcelona"]
[Date "2018.04.23"]
[Round "6"]
[White "Montell Zabay, Albert"]
[Black "Macaya Ruiz, Alfonso"]
[Result "1/2-1/2"]
[WhiteElo "1969"]
[BlackElo "2031"]
[PlyCount "52"]
[EventDate "2018.03.05"]
[EventType "swiss"]
[EventRounds "9"]
[EventCountry "ESP"]
[SourceTitle "EXT 2019"]
[Source "ChessBase"]
[SourceDate "2018.10.10"]
[SourceVersion "1"]
[SourceVersionDate "2018.10.10"]
[SourceQuality "1"]

1. e4 c5 2. Nf3 e6 3. d4 cxd4 4. Nxd4 Nc6 5. Nc3 Qc7 6. g3 a6 7. Bg2 d6 8. 0-0 Bd7 9. Be3 Be7 10. f4 Nf6 11. Qe2 0-0 12. Rad1 Rac8 13. Nxc6 Bxc6 14. g4 d5 15. exd5 Nxd5 16. Bxd5 Bxd5 17. Nxd5 exd5 18. Rxd5 Rfe8 19. Qf2 Qc4 20. Re5 Qxa2 21. Bd4 Qa4 22. c3 Qd7 23. f5 Bd6 24. Rxe8+ Rxe8 25. Re1 Rxe1+ 26. Qxe1 Qe7 1/2-1/2

[Event "Barcelona Sant Marti op-A 19th"]
[Site "Barcelona"]
[Date "2017.07.17"]
[Round "5"]
[White "Vignesh, B."]
[Black "Montell Zabay, Albert"]
[Result "1-0"]
[WhiteElo "2124"]
[BlackElo "1956"]
[PlyCount "35"]
[EventDate "2017.07.13"]
[EventType "swiss"]
[EventRounds "9"]
[EventCountry "ESP"]
[SourceTitle "EXT 2018"]
[Source "ChessBase"]
[SourceDate "2017.10.13"]
[SourceVersion "1"]
[SourceVersionDate "2017.10.13"]
[SourceQuality "1"]

1. e4 g6 2. d4 Bg7 3. Nc3 d6 4. f4 c6 5. Nf3 Bg4 6. Be3 Nd7 7. Bc4 e5 8. fxe5 dxe5 9. 0-0 Qe7 10. d5 Nb6 11. d6 Nxc4 12. dxe7 Nxe3 13. Qd6 Nxf1 14. Nxe5 Be6 15. Nxc6 Bf6 16. Rxf1 Bxe7 17. Nxe7 Nxe7 18. Nb5 1-0

[Event "Barcelona Vila Gracia Seniors 55 op 4th"]
[Site "Barcelona"]
[Date "2017.05.08"]
[Round "8.7"]
[White "Parayre Soguero, Jordi"]
[Black "Montell Zabay, Albert"]
[Result "0-1"]
[WhiteElo "1889"]
[BlackElo "1953"]
[PlyCount "32"]
[EventDate "2017.03.06"]
[EventType "swiss"]
[EventRounds "9"]
[EventCountry "ESP"]
[SourceTitle "EXT 2024"]
[Source "ChessBase"]
[SourceDate "2023.10.10"]
[SourceVersion "1"]
[SourceVersionDate "2023.10.10"]
[SourceQuality "1"]

1. d4 Nf6 2. c4 g6 3. g3 c5 4. Nf3 Bg7 5. Bg2 0-0 6. 0-0 d6 7. Nc3 cxd4 8. Nxd4 Nbd7 9. h3 a6 10. Be3 Ne5 11. b3 Nc6 12. Qd2 Bd7 13. Rfd1 Nxd4 14. Bxd4 Bc6 15. e4 Rc8 16. Rac1 Nd7 0-1

[Event "Barcelona Vila Gracia Seniors 55 op 4th"]
[Site "Barcelona"]
[Date "2017.04.10"]
[Round "6.3"]
[White "Lopez Belles, Luis"]
[Black "Montell Zabay, Albert"]
[Result "1/2-1/2"]
[WhiteElo "2072"]
[BlackElo "1953"]
[PlyCount "81"]
[EventDate "2017.03.06"]
[EventType "swiss"]
[EventRounds "9"]
[EventCountry "ESP"]
[SourceTitle "EXT 2024"]
[Source "ChessBase"]
[SourceDate "2023.10.10"]
[SourceVersion "1"]
[SourceVersionDate "2023.10.10"]
[SourceQuality "1"]

1. d4 Nf6 2. g3 c5 3. c3 e6 4. Bg2 d5 5. Nf3 Nc6 6. 0-0 b6 7. Ne5 Nxe5 8. dxe5 Nd7 9. c4 Nxe5 10. cxd5 Rb8 11. Bf4 Bd6 12. dxe6 Bxe6 13. Nc3 b5 14. Ne4 Bc7 15. Nxc5 Rb6 16. Nxe6 Rxe6 17. Qb3 Qb8 18. Bd5 Rf6 19. a4 b4 20. Bg5 Rg6 21. Bd2 0-0 22. Bxb4 Rb6 23. Bxf8 Rxb3 24. Ba3 Rb6 25. Rac1 h6 26. Rc2 Qd8 27. Be4 Rb8 28. Rfc1 Qd4 29. Bg2 Bd6 30. e3 Qb6 31. Bd5 g6 32. b4 Kg7 33. a5 Qb5 34. f4 Ng4 35. Bb2+ f6 36. Bd4 Qxb4 37. Bf3 h5 38. Bxa7 Re8 39. Bxg4 hxg4 40. Bb6 Qa3 41. Rc6 1/2-1/2

[Event "Barcelona Vila Gracia Seniors 55 op 4th"]
[Site "Barcelona"]
[Date "2017.04.03"]
[Round "5.8"]
[White "Montell Zabay, Albert"]
[Black "Baratech Galup, Juan Manuel"]
[Result "1-0"]
[WhiteElo "1953"]
[BlackElo "1865"]
[PlyCount "79"]
[EventDate "2017.03.06"]
[EventType "swiss"]
[EventRounds "9"]
[EventCountry "ESP"]
[SourceTitle "EXT 2024"]
[Source "ChessBase"]
[SourceDate "2023.10.10"]
[SourceVersion "1"]
[SourceVersionDate "2023.10.10"]
[SourceQuality "1"]

1. e4 e5 2. Bc4 Nf6 3. d4 Nc6 4. Nf3 Nxd4 5. Bxf7+ Kxf7 6. Nxe5+ Ke8 7. Qxd4 Qe7 8. Bg5 Qb4+ 9. Qxb4 Bxb4+ 10. Bd2 Bd6 11. Nc4 Nxe4 12. Nc3 Nxd2 13. Nxd6+ cxd6 14. Kxd2 b6 15. Nb5 Kd8 16. Nxd6 Rf8 17. f3 Ba6 18. b3 Kc7 19. Ne4 Bb7 20. Rhe1 h6 21. c4 Rae8 22. Nc3 Bc6 23. Rxe8 Rxe8 24. Re1 Rxe1 25. Kxe1 Kd6 26. Kf2 Ke5 27. Ke3 a6 28. h4 d6 29. a3 Bd7 30. a4 Bc6 31. Ne2 d5 32. Nd4 Bd7 33. f4+ Kd6 34. Kd3 Kc5 35. cxd5 Kxd5 36. Nf3 Bf5+ 37. Ke3 Bc2 38. Nd2 b5 39. axb5 axb5 40. b4 1-0

[Event "Barcelona Vila de Gracia Seniors 55+ op"]
[Site "Barcelona"]
[Date "2015.05.11"]
[Round "8"]
[White "Gonzalez Moreno, Antoni"]
[Black "Montell Zabay, Albert"]
[Result "1/2-1/2"]
[WhiteElo "1952"]
[BlackElo "2135"]
[PlyCount "42"]
[EventDate "2015.03.16"]
[EventType "swiss"]
[EventRounds "8"]
[EventCountry "ESP"]
[SourceTitle "EXT 2018"]
[Source "ChessBase"]
[SourceDate "2017.10.13"]
[SourceVersion "1"]
[SourceVersionDate "2017.10.13"]
[SourceQuality "1"]

1. c4 Nf6 2. Nc3 g6 3. g3 Bg7 4. Bg2 0-0 5. e3 c5 6. Nge2 Nc6 7. 0-0 d6 8. a3 a6 9. b3 Bg4 10. Bb2 Qd7 11. Qc2 Bf5 12. d3 Bh3 13. Rad1 Bxg2 14. Kxg2 d5 15. cxd5 Nxd5 16. Ne4 b6 17. Bxg7 Kxg7 18. d4 cxd4 19. Nxd4 Nxd4 20. Rxd4 e5 21. Rd2 Qb7 1/2-1/2

[Event "Barcelona Seniors 55 op 2nd"]
[Site "Barcelona"]
[Date "2015.03.30"]
[Round "3"]
[White "Montell Zabay, Albert"]
[Black "Ferre Navarro, Joan"]
[Result "0-1"]
[WhiteElo "2135"]
[BlackElo "1822"]
[PlyCount "46"]
[EventDate "2015.03.16"]
[EventType "swiss"]
[EventRounds "8"]
[EventCountry "ESP"]
[SourceTitle "EXT 2016"]
[Source "ChessBase"]
[SourceDate "2015.10.08"]
[SourceVersion "1"]
[SourceVersionDate "2015.10.08"]
[SourceQuality "1"]

1. e4 g6 2. d4 Bg7 3. g3 d6 4. Bg2 Nc6 5. Ne2 Bg4 6. f3 Bd7 7. Nbc3 Nf6 8. 0-0 0-0 9. Bg5 a6 10. d5 Ne5 11. Qc1 c6 12. Kh1 cxd5 13. exd5 Rc8 14. b3 Qb6 15. Qe3 Qa5 16. Qd2 Bb5 17. Nxb5 Qxd2 18. Bxd2 Rxc2 19. f4 Nd3 20. Rad1 axb5 21. Nd4 Rxa2 22. Be3 Nc5 23. b4 Na6 0-1

[Event "Barcelona Sant Marti op-A 15th"]
[Site "Barcelona"]
[Date "2013.07.16"]
[Round "4"]
[White "Lien, Kjell Hakon"]
[Black "Montell Zabay, Albert"]
[Result "1/2-1/2"]
[WhiteElo "1910"]
[BlackElo "2026"]
[PlyCount "72"]
[EventDate "2013.07.13"]
[EventType "swiss"]
[EventRounds "9"]
[EventCountry "ESP"]
[SourceTitle "CBM 155 Extra"]
[Source "ChessBase"]
[SourceDate "2013.08.26"]
[SourceVersion "1"]
[SourceVersionDate "2013.08.26"]
[SourceQuality "1"]

1. e4 d5 2. exd5 Nf6 3. Bb5+ Nbd7 4. Nc3 a6 5. Be2 Nb6 6. Nf3 g6 7. 0-0 Bg7 8. d4 Nbxd5 9. Nxd5 Nxd5 10. c3 h6 11. Ne5 0-0 12. Nd3 Kh7 13. h4 e5 14. Nxe5 Qxh4 15. Bf3 c6 16. Bxd5 cxd5 17. Qf3 Be6 18. Bf4 b5 19. a3 a5 20. Nd3 Bg4 21. Qe3 Rfe8 22. Qd2 Re2 23. Qc1 Bf5 24. Bg3 Qe4 25. Nf4 Rc2 26. Re1 Rxc1 27. Raxc1 g5 28. Rxe4 Bxe4 29. Nh5 b4 30. Nxg7 bxa3 31. bxa3 Kxg7 32. Bc7 a4 33. f3 Bd3 34. Re1 Rc8 35. Ba5 Kf6 36. Bb4 Bc4 1/2-1/2

[Event "Barcelona Sant Marti op-A 15th"]
[Site "Barcelona"]
[Date "2013.07.15"]
[Round "3"]
[White "Montell Zabay, Albert"]
[Black "Harstad, Christian"]
[Result "1-0"]
[WhiteElo "2026"]
[BlackElo "1942"]
[PlyCount "63"]
[EventDate "2013.07.13"]
[EventType "swiss"]
[EventRounds "9"]
[EventCountry "ESP"]
[SourceTitle "CBM 155 Extra"]
[Source "ChessBase"]
[SourceDate "2013.08.26"]
[SourceVersion "1"]
[SourceVersionDate "2013.08.26"]
[SourceQuality "1"]

1. e4 e5 2. Nf3 Nc6 3. Bb5 a6 4. Ba4 Nf6 5. Qe2 b5 6. Bb3 Be7 7. a4 b4 8. a5 0-0 9. 0-0 d6 10. c3 Bb7 11. d3 h6 12. h3 Bc8 13. d4 bxc3 14. bxc3 exd4 15. Nxd4 Nb8 16. Bf4 c5 17. Nf3 Nc6 18. e5 dxe5 19. Rd1 Bd7 20. Nxe5 Nxe5 21. Bxe5 Qc8 22. Nd2 Re8 23. Nc4 Bb5 24. Qc2 Qc6 25. Qf5 Qe4 26. Qxe4 Nxe4 27. Nb6 Rad8 28. Bd5 Bd6 29. Bxd6 Nxd6 30. c4 Bd7 31. Nxd7 Rxd7 32. Bc6 1-0